| 000 | 01068nam a2200253 a 4500 | ||
|---|---|---|---|
| 001 | BRCA_4051 | ||
| 005 | 20190320204528.0 | ||
| 008 | 150210s1868----fr-#######---#000-0#fre-# | ||
| 041 | _afre | ||
| 044 | _afr | ||
| 050 | 4 |
_aF1233.M4 _b.D66 1 1868 |
|
| 100 | 1 |
_aDomenech, Emmanuel _910509 |
|
| 245 | 1 | 0 |
_aHistoire du Mexique, Juarez et Maximilien _bcorrespondances inédites des présidents, ministres et généraux Almonte, Santa-Anna, Gutierrez, Miramon, Marquez, Mejia, Woll, etc., etc., de Juarez de l´Empereur Maximilien et de l´Impératrice Charlotte _cpar Emmanuel Domenech. |
| 260 |
_aParís _bInternationale _c1868 |
||
| 300 |
_a3 v. _c24 cm. |
||
| 500 | _aEstado físico: encuadernación rota y costura rota que provoca la separación de las hojas en los 3 v. | ||
| 500 | _aVer también C140 (2 t. en 1 v.) | ||
| 500 | _aC127 | ||
| 600 | 1 | 4 |
_aMaximiliano _cEmperador de México _d1832-1867 _94582 |
| 600 | 1 | 4 |
_aJuárez, Benito _d1806-1872 _94845 |
| 651 | 4 |
_aMéxico _xHistoria _yIntervención francesa, 1861-1867 _910510 |
|
| 902 | _aGFM | ||
| 942 |
_2lcc _cB |
||
| 999 |
_c3775 _d3775 |
||